Detalles MARC
| 000 -Líder |
| campo de control de longitud fija |
00880 a2200241 4500 |
| 005 - Fecha y Hora de Actualización |
| campo de control |
20240809130443.0 |
| 008 - Longitud Fija |
| campo de control de longitud fija |
150415s mx r 000 spa d |
| 035 ## - Número de Control del Sistema |
| Número de control de sistema |
17963 |
| 040 ## - Fuente de Catalogación |
| Centro catalogador/agencia de origen |
Uniagraria |
| Lengua de catalogación |
Español |
| Normas de descripción |
rda |
| 090 ## - LOCALMENTE ASIGNADO TIPO-LC NÚMERO DE CLASIFICACIÓN (OCLC); NÚMERO DE CLASIFICACIÓN LOCAL (RLIN) |
| Número de clasificación (OCLC) (R) ; Numero de clasificación, CALL (RLIN) (NR) |
Tesis / 0648 / Adm |
| 100 1# - Entrada Principal -- Nombre de Persona |
| Nombre de persona |
Mendoza Aranda, Diana Milena |
| 245 10 - Título Propiamente Dicho |
| Título |
Análisis del riesgo de las acciones de mayor rentabilidad pertenecientes al sector financiero durante el periodo enero 2009 a junio 2014 |
| 264 ## - Producción, Publicación, Distribución, Fabricación y Copyright |
| Producción, publicación, distribución, fabricación y copyright |
Bogotá |
| Nombre del de productor, editor, distribuidor, fabricante |
Uniagraria |
| Fecha de producción, publicación, distribución, fabricación o copyright |
2014 |
| 300 ## - Descripción Física |
| Extensión |
1 Cd-Rom |
| 336 ## - Tipo de Contenido |
| Término de tipo de contenido |
imagen móvil bidimensional |
| Código de tipo de contenido |
imagen móvil bidimensional |
| Fuente |
rdacontent |
| 337 ## - Tipo de Medio |
| Nombre/término del tipo de medio |
video |
| Código del tipo de medio |
video |
| Fuente |
rdamedia |
| 338 ## - Tipo de Portador |
| Nombre/término del tipo de soporte |
videodisco |
| Código del tipo de soporte |
videodisco |
| Fuente |
rdacarrier |
| 502 ## - Nota de Tesis |
| Nota de tesis |
Tesis (Profesional), Uniagraria. Facultad De Administración 2014 |
| 598 ## - Programas Académicos |
| Programas Académicos |
|
| 650 #4 - Punto de Acceso Adicional -- Materia general |
| Término de materia o nombre geográfico como elemento de entrada |
Enero 2009 - junio 2014 |
| 650 #4 - Punto de Acceso Adicional -- Materia general |
| Término de materia o nombre geográfico como elemento de entrada |
Riesgos - acciones de mayor rentabilidad - análisis |
| 650 #4 - Punto de Acceso Adicional -- Materia general |
| Término de materia o nombre geográfico como elemento de entrada |
Sector financiero |